000 00764nam a2200253Ia 4500
003 OSt
005 20220928114731.0
006 a|||||r|||| 00| 0
007 ta
008 220927b |||||||| |||| 00| 0 eng d
020 _c6516.75
024 _a117890
037 _b120, 19/10/2012, Excel Book International
_cTextual
040 _aSDCL
_cSDCL
_beng
041 _2eng
_aeng
082 _aW:(R), Q2
100 _aBesussi Antonella Ed.
_9440645
245 0 _aCompanion to political philosophy
_b Methods,tools,topics.
260 _aFarnham
_bAshgate
_c2012
300 _ax,244p
_ccm.
650 _aPhilosophy
942 _hW:(R), Q2
_cTEXL
_2CC
999 _c756194
_d756194